000 00516nam a2200181Ia 4500
008 240925s9999 xx 000 0 und d
020 _a1850328935
082 _a005.75 TAY
100 _aTaylor, Lee; Chisnell, Dana
245 0 _aEffective Web Design in 3 days: future tense texture
250 _aNA
260 _aBoston:
_bThomson
_c,1997.
300 _axv,269p.
_bNA
_fPirated
500 _aIncludes Index
600 _aComputer Science
650 _aComputer science, information & general works
942 _cBK
999 _c6105
_d6105